Score 0/21 Timer 15:00
0 Plays Today
Question Answer Wrong Answers
Where did Cesc Fàbregas leave us for on a free in January? Monaco FC
98.1%
Atlético Madrid
0%
Fenerbahce
0%
LA Galaxy
0%
Who was our most expensive signing of this season? Kepa Arrizabalaga
94.4%
Christian Pulisic
5.6%
Jorginho
0%
Gonzalo Higuaín
0%
Who scored Man City's hat-trick in their 6-0 win against us? Sergio Agüero
81.5%
Raheem Sterling
13%
Gabriel Jesus
1.9%
Leroy Sané
1.9%
Who was the man of the match in our Europa League final victory against Arsenal Hazard
81.5%
Giroud
13%
Luiz
0%
Azpilicueta
1.9%
Who scored our 97th minute equaliser against Man Utd at the Bridge? Barkley
74.1%
Rüdiger
11.1%
Hazard
5.6%
Giroud
9.3%
Who scored our opening goal in our 4-1 victory against Arsenal in the Europa League final? Giroud
70.4%
Pedro
14.8%
Hazard
11.1%
Barkley
1.9%
Who scored our winner in the 3-2 victory against Arsenal at the Bridge? Alonso
68.5%
Hazard
16.7%
Morata
11.1%
Pedro
3.7%
Who scored our critical goal in the semi final second leg match against Eintracht Frankfurt? Ruben Loftus-Cheek
68.5%
Kante
3.7%
Hazard
24.1%
Callum Hudson-Odoi
1.9%
Which two players miss their penalties in our loss to Man City in the League Cup Final :( ? Jorginho & Luiz
64.8%
Jorginho & Azpilicueta
13%
Luiz & Pedro
1.9%
Azpilicueta & Willam
18.5%
21 goals across all competitions but who did Hazard score his only hat trick against during the season? Cardiff
59.3%
Huddersfield
18.5%
Dynamo Kyiv
9.3%
Burnley
11.1%
Who scored the opening goal in our 2 -0 victory against Spurs in the Premier League? Pedro
55.6%
Higuaín
3.7%
Hazard
35.2%
Emerson
3.7%
After which defeat did Sarri say - ‘Maybe it’s my fault – maybe I can’t motivate Chelsea’? 4-0 defeat away to Bournemouth in the Premier League
53.7%
2-0 defeat at home to Man Utfd in theFA Cup
9.3%
6-0 defeat away to Man City in the Premier League
25.9%
2-0 defeat away to Arsenal in the Premier League
9.3%
Who was our first Premier League defeat against? Spurs
51.9%
Wolves
16.7%
Man City
16.7%
Everton
13%
Who was the only player to play every minute in our Europa League winning campaign? Christensen
44.4%
Willian
9.3%
Kante
33.3%
Kovačić
9.3%
How much was Bayern Munich fourth and final bid for Hudson-Odoi in the January transfer window? £35 Million
44.4%
£30 Million
16.7%
£40 Million
33.3%
£25 Million
3.7%
Who's penalty did Kepe saved in our win over Spurs in the semi final of the League Cup? Lucas Moura
40.7%
Eric Dier
38.9%
Fernando Llorente
11.1%
Ben Davies
7.4%
Which Chelsea loanee was included in the Championship Team of the Season? Tammy Abraham
38.9%
Mason Mount
29.6%
Fikayo Tomori
9.3%
Reece James
18.5%
Who played in the most games across all competitions? Azpilicueta
37%
Kepa Arrizabalaga
29.6%
Jorginho
18.5%
Hazard
11.1%
Which player had the most appearance off the bench in the Premier League? Giroud
25.9%
Willam
11.1%
Barkley
35.2%
Ruben Loftus-Cheek
24.1%
Who scored the last Premier League goal of the season at the Bridge in our 3-0 win against Watford? Gonzalo Higuaín
24.1%
Ruben Loftus-Cheek
29.6%
Hazard
25.9%
Pedro
18.5%
Who won Chelsea's Academy Player of the Year? Conor Gallagher
20.4%
Billy Gilmour
50%
Daishawn Redan
5.6%
George McEachran
20.4%

You're not logged in!

Compare scores with friends on all Sporcle quizzes.
OR
Log In

Sporcle TV

Today on Sporcle TV


Watch our educational content, quiz creation guides, and fun videos on Sporcle TV.

Show Comments

Extras

Top Quizzes Today


Score Distribution

Paid Content

Your Account Isn't Verified!

In order to create a playlist on Sporcle, you need to verify the email address you used during registration. Go to your Sporcle Settings to finish the process.

Report this User

Report this user for behavior that violates our Community Guidelines.

Details: